El Fénix rojo (Record no. 140360)

MARC details
000 -LEADER
campo de control de longitud fija 00647nam a2200193 4500
001 - NÚMERO DE CONTROL
campo de control 140360
003 - IDENTIFICADOR DE NÚMERO DE CONTROL
campo de control ES-MaACL
005 - FECHA Y HORA DE LA ÚLTIMA TRANSACCIÓN
campo de control 20230906200049.0
007 - CAMPO FIJO DE DESCRIPCIÓN FÍSICA--INFORMACIÓN GENERAL
campo de control de longitud fija t|
008 - DATOS DE LONGITUD FIJA--INFORMACIÓN GENERAL
campo de control de longitud fija 070214s1963 mx r ||||1| spa d
100 1# - ENTRADA PRINCIPAL--NOMBRE DE PERSONA
Nombre de persona Schwartz, Harry.
9 (RLIN) 104868
245 13 - MENCIÓN DEL TÍTULO
Título El Fénix rojo
Resto del título : Rusia desde la Segunda Guerra Mundial /
Mención de responsabilidad, etc. Harry Schwartz ; traducción de José Antonio Rico ; revisado por Jesús Guisa y Acevedo.
250 ## - MENCION DE EDICION
Mención de edición 1ª. ed.
260 ## - PUBLICACIÓN, DISTRIBUCIÓN, ETC.
Lugar de publicación, distribución, etc. México :
Nombre del editor, distribuidor, etc. Herrero,
Fecha de publicación, distribución, etc. 1963.
300 ## - DESCRIPCIÓN FÍSICA
Extensión XVI, 451 p. ;
Dimensiones 22 cm.
700 1# - ENTRADA AGREGADA--NOMBRE PERSONAL
Nombre de persona Rico, José Antonio.
9 (RLIN) 97015
700 1# - ENTRADA AGREGADA--NOMBRE PERSONAL
Nombre de persona Guisa y Acevedo, Jesús.
9 (RLIN) 60896
852 ## - LOCALIZACIÓN
Ubicación ES-MaACL
Número de control de estantería C-24848
Sublocalización o colección R.53535
Holdings
Estatus retirado Estado de pérdida Estado de daño No para préstamo Biblioteca de origen Biblioteca actual Ubicación en estantería Fecha de adquisición Fuente de adquisición Total de préstamos Signatura topográfica completa Código de barras Visto por última vez Precio de reemplazo Tipo de ítem Koha
        Biblioteca del Ateneo de Madrid Biblioteca del Ateneo de Madrid Depósito 2 17/01/2008     C-24848 1146063 23/02/2023 23/02/2023 Libro impreso